00386nam a2200133Ia 450000500170000000800410001702000180005808200180007610000540009424500330014826000330018130000110021465000270022520250321090314.0231217s9999 xx 000 0 und d a9788174467386 a650 HUN;1 R aHundekar, S G. Hugar, S S. Kamble, H Y [et al...] 0aBusiness ethics human values c2009bExcel booksaNew Delhi ax, 242 aBusiness,ethics,values